Self-actualization and the radical gospel / (Record no. 117987)
[ view plain ]
| 000 -LEADER | |
|---|---|
| fixed length control field | 00938cam a2200277 a 4500 |
| 001 - CONTROL NUMBER | |
| control field | 13052866 |
| 003 - CONTROL NUMBER IDENTIFIER | |
| control field | ARRUPE |
| 005 - DATE AND TIME OF LATEST TRANSACTION | |
| control field | 20130924162443.0 |
| 008 - FIXED-LENGTH DATA ELEMENTS--GENERAL INFORMATION | |
| fixed length control field | 030109s2002 mnu b 001 0 eng d |
| 010 ## - LIBRARY OF CONGRESS CONTROL NUMBER | |
| LC control number | 2003268141 |
| 020 ## - INTERNATIONAL STANDARD BOOK NUMBER | |
| International Standard Book Number | 0814651070 |
| 035 ## - SYSTEM CONTROL NUMBER | |
| System control number | (OCoLC)ocm49726197 |
| 040 ## - CATALOGING SOURCE | |
| Original cataloging agency | EMT |
| Transcribing agency | EMT |
| Modifying agency | BXM |
| -- | DLC |
| 042 ## - AUTHENTICATION CODE | |
| Authentication code | lccopycat |
| 050 00 - LIBRARY OF CONGRESS CALL NUMBER | |
| Classification number | BV4598.2 |
| Item number | .R69 2002 |
| 300 ## - PHYSICAL DESCRIPTION | |
| Dimensions | 23 cm. |
| 100 1# - MAIN ENTRY--PERSONAL NAME | |
| Personal name | Roy, Louis, |
| Dates associated with a name | 1942- |
| 9 (RLIN) | 1037 |
| 245 10 - TITLE STATEMENT | |
| Title | Self-actualization and the radical gospel / |
| Statement of responsibility, etc | Louis Roy. |
| 260 ## - PUBLICATION, DISTRIBUTION, ETC. (IMPRINT) | |
| Place of publication, distribution, etc | Collegeville, Minn. : |
| Name of publisher, distributor, etc | Liturgical Press, |
| Date of publication, distribution, etc | c2002. |
| 300 ## - PHYSICAL DESCRIPTION | |
| Extent | viii, 72 p. ; |
| 500 ## - GENERAL NOTE | |
| General note | "A Michael Glazier book". |
| 504 ## - BIBLIOGRAPHY, ETC. NOTE | |
| Bibliography, etc | Includes bibliographical references and index. |
| 650 #0 - SUBJECT ADDED ENTRY--TOPICAL TERM | |
| Topical term or geographic name as entry element | Self-actualization (Psychology) |
| General subdivision | Religious aspects |
| -- | Christianity. |
| 9 (RLIN) | 1038 |
| 906 ## - LOCAL DATA ELEMENT F, LDF (RLIN) | |
| a | 7 |
| b | cbc |
| c | copycat |
| d | 2 |
| e | ncip |
| f | 20 |
| g | y-gencatlg |
| 942 ## - ADDED ENTRY ELEMENTS (KOHA) | |
| Source of classification or shelving scheme | Library of Congress Classification |
| Koha item type | Monograph ( Printed materials) |
| Withdrawn status | Lost status | Source of classification or shelving scheme | Damaged status | Not for loan | Home library | Current library | Shelving location | Date acquired | Total Checkouts | Full call number | Barcode | Date last seen | Price effective from | Koha item type | Collection code |
|---|---|---|---|---|---|---|---|---|---|---|---|---|---|---|---|
| Library of Congress Classification | ARRUPE LIBRARY | ARRUPE LIBRARY | Main Collection | 24/09/2013 | BV4598.2 .R69 2002 | 46409787 | 24/01/2017 | 24/09/2013 | Monograph ( Printed materials) | ||||||
| Library of Congress Classification | ARRUPE LIBRARY | ARRUPE LIBRARY | Main Collection | 21/05/2014 | BV4598.2 .R69 2002 | 46500000713 | 24/01/2017 | 21/05/2014 | Monograph ( Printed materials) | Main Collection |